The camel, its uses and management (Record no. 552642)
[ view plain ]
| 000 -LEADER | |
|---|---|
| fixed length control field | 00547cam a2200157K 4500 |
| 082 04 - DEWEY DECIMAL CLASSIFICATION NUMBER | |
| Classification number | 636.295 |
| Author Mark | LEO |
| 100 1# - MAIN ENTRY--PERSONAL NAME | |
| Personal name | Leonard, Arthur Glyn. |
| 9 (RLIN) | 49898 |
| 245 14 - TITLE STATEMENT | |
| Title | The camel, its uses and management |
| Statement of responsibility, etc. | by Major Arthur Glyn Leonard ... |
| 260 ## - PUBLICATION, DISTRIBUTION, ETC. | |
| Place of publication, distribution, etc. | London, |
| -- | New York, |
| Name of publisher, distributor, etc. | Longmans, Green, and Co., |
| Date of publication, distribution, etc. | 1894. |
| 300 ## - PHYSICAL DESCRIPTION | |
| Extent | 1 online resource (vii p., 1 l., 335 p.) |
| 526 ## - STUDY PROGRAM INFORMATION NOTE | |
| Program name | 0 |
| Interest level | 0 |
| Reading level | 0 |
| Title point value | 636_295000000000000_LEO |
| 650 #0 - SUBJECT ADDED ENTRY--TOPICAL TERM | |
| Topical term or geographic name entry element | Camels. |
| 9 (RLIN) | 49899 |
| 650 #0 - SUBJECT ADDED ENTRY--TOPICAL TERM | |
| Topical term or geographic name entry element | MCE |
| 9 (RLIN) | 379 |
| 856 40 - ELECTRONIC LOCATION AND ACCESS | |
| Uniform Resource Identifier | <a href="http://catalog.hathitrust.org/api/volumes/oclc/5231477.html">http://catalog.hathitrust.org/api/volumes/oclc/5231477.html</a> |
| 942 ## - ADDED ENTRY ELEMENTS (KOHA) | |
| Source of classification or shelving scheme | |
| Koha item type | Book |
| Withdrawn status | Lost status | Source of classification or shelving scheme | Damaged status | Not for loan | Permanent Location | Current Location | Shelving location | Date acquired | Total Checkouts | Full call number | Barcode | Date last seen | Price effective from | Koha item type |
|---|---|---|---|---|---|---|---|---|---|---|---|---|---|---|
| Military College of Engineering (MCE) | Military College of Engineering (MCE) | 01/20/2015 | 636.295 LEO | MCE-ECC/50 | 01/20/2015 | 01/20/2015 | Book |
